Szczegóły MARC21

Poematy : Zuzanna, Szachy, Muza, Monomachia Parysowa wraz z wersją rękopiśmienną Monomachii, Dziewosłąb, Epitalamium (z Katullusa), Broda, Marszałek /

003 -Nazwa inst., której nr kontr. jest w polu 001 [,]
    • @
    • Nazwa instytucji, której n kontrolny jest w polu 001
    • NUKAT
005 -DATA I CZAS OSTATNIEJ MODYFIKACJI [,]
    • @
    • pole kontrolne
    • 20241231115727.0
020 -Międzynarod. znormalizowany nr książki - ISBN [ , ]
    • a
    • Numer ISBN
    • 9788366448902 Find
    • q
    • Dopowiedzenie
    • oprawa twarda
040 -Instytucja sporządzająca opis [ , ]
    • a
    • Instytucja, która sporządziła opis (NP)
    • Ł U/bb
    • b
    • Język katalogowania
    • pol
    • e
    • Zasady katalogowania
    • rda
    • c
    • Instytucja, która sporządziła rekord (NP)
    • Ł U/bb
    • d
    • Instytucja, która zmodyfikowała rekord (P)
    • Ł U/nikas
041 -Język dokumentu [1, ]
    • a
    • Język tekstu (P)
    • polski
    • h
    • Język tekstu oryginalnego i/lub pośredniego (P)
    • grecki, starożytny (do 1453)
942 -Rodzaj dokumentu [ , ]
    • c
    • Rodzaj dokumentu
    • Książka
100 -Hasło główne - nazwa osobowa [1, ]
    • a
    • Nazwa osobowa (NP)
    • Kochanowski, Jan
    • d
    • Daty biograficzne (NP)
    • (1530-1584).
    • e
    • Rodzaj współpracy
    • Autor
    • 9
    • KHW
    • 7604
245 -Strefa tytułu i oznaczenia odpowiedzialności [1,0]
    • a
    • Tytuł
    • Poematy : Find
    • b
    • Ciąg dalszy tytułu (NP)
    • Zuzanna, Szachy, Muza, Monomachia Parysowa wraz z wersją rękopiśmienną Monomachii, Dziewosłąb, Epitalamium (z Katullusa), Broda, Marszałek / Find
    • c
    • Pozostałe elementy strefy tytułu i oznaczenia odpowiedzialności (NP)
    • Jan Kochanowski ; opracowali Maria Karpluk, Bartosz Awianowicz, Jerzy Mańkowski, Marek A. Janicki ; przy udziale Marii Renaty Mayenowej, Wiktora Weintrauba, Jerzego Ziomka oraz Ewy Cybulskiej-Bohuszewicz, Joannny Duskiej, Mariusza Frodymy ; Polska Akademia Nauk. Instytut Badań Literackich.
260 -Strefa adresu wydawniczego [ , ]
    • a
    • Miejsce wydania (P)
    • Warszawa :
    • b
    • Nazwa wydawcy (P)
    • Wydawnictwo Instytutu Badań Literackich,
    • c
    • Data wydania (P)
    • 2024.
300 -Strefa opisu fizycznego [ , ]
    • a
    • Określenie formy książki i/lub objętość (NP)
    • 646, [2] strony :
    • b
    • Oznaczenie ilustracji (NP)
    • ilustracje ;
    • c
    • Format (NP)
    • 25 cm.
336 -Typ zawartości [ , ]
    • a
    • Termin opisujący typ zawartości
    • Tekst
    • b
    • Kod określający zawartość
    • txt
    • 2
    • Źródło (terminu i kodu)
    • rdacontent
337 -Typ mediów [ , ]
    • a
    • Tryb odtwarzania
    • Bez urządzenia pośredniczącego
    • b
    • Kod typu mediów
    • n
    • 2
    • Źródło (terminu i kodu)
    • rdamedia
338 -Typ/rodzaj nośnika [ , ]
    • a
    • Hasło opisujące typ nośnika
    • Wolumin
    • b
    • Kod typu nośnika
    • nc
    • 2
    • Źródło (terminu i kodu)
    • rdacarrier
380 -Deskryptor - Forma dzieła (P) [ , ]
    • a
    • forma dzieła (NP)
    • Książki
380 -Deskryptor - Forma dzieła (P) [ , ]
    • a
    • forma dzieła (NP)
    • Poezja
380 -Deskryptor - Forma dzieła (P) [ , ]
    • a
    • forma dzieła (NP)
    • Publikacje naukowe
386 -Deskryptor - przynależność kulturowa (P) [ , ]
    • m
    • Wyrażenie wprowadzające (NP)
    • Przynależność kulturowa
    • a
    • Przynależność kulturowa (NP)
    • Literatura polska
388 -Deskryptor - czas powstania dzieła (P) [1, ]
    • a
    • Czas powstania dzieła (NP)
    • 1501-1600
388 -Deskryptor - czas powstania dzieła (P) [2, ]
    • a
    • Czas powstania dzieła (NP)
    • 2001-
490 -Strefa serii i książki wielotomowej - forma nie do wyszukiwania [1, ]
    • a
    • Tytuł (P)
    • Biblioteka Pisarzów Polskich. Seria B, Find
    • x
    • ISSN (NP)
    • 0519-864X ;
    • v
    • Numeracja (P)
    • Nr 30
490 -Strefa serii i książki wielotomowej - forma nie do wyszukiwania [1, ]
    • a
    • Tytuł (P)
    • Dzieła wszystkie : wydanie sejmowe / Jan Kochanowski ; Find
    • v
    • Numeracja (P)
    • t. 8
830 -Hasło dodatkowe serii i opisu książki wielotomowej - tytuł ujednolicony/tytuł [ ,0]
    • a
    • Tytuł ujednolicony/tytuł (NP)
    • Biblioteka Pisarzów Polskich.
    • n
    • Oznaczenie części/podserii/sekcji (P)
    • Seria B
    • x
    • ISSN
    • 0519-864X
    • v
    • Oznaczenie tomu (NP)
    • Nr 30
    • 9
    • KHW
    • 47057
500 -Uwaga ogólna [ , ]
    • a
    • Uwaga ogólna (NP)
    • Tekst w postaci faksymile pierwodruków i rekopisu.
504 -Uwaga dot. bibliogr. załącznikowej [ , ]
    • a
    • Uwaga dot. bibliografii załącznikowej
    • Indeksy.
546 -Uwaga dot. języka [ , ]
    • a
    • Uwaga dot. języka
    • Część tekstu w przekładzie z języka greckiego.
650 -Hasło przedmiotowe [ ,7]
    • a
    • Hasło przedmiotowe
    • Literatura polska
    • 2
    • Źródło terminu
    • DBN
    • 9
    • KHW
    • 721203
650 -Hasło przedmiotowe [ ,7]
    • a
    • Hasło przedmiotowe
    • Poemat
    • 2
    • Źródło terminu
    • DBN
    • 9
    • KHW
    • 723334
655 -Hasło w funkcji tematu formalnego [ ,7]
    • a
    • Hasło
    • Edycja krytyczna
    • 2
    • Źródło terminu
    • DBN
    • 9
    • KHW
    • 728112
655 -Hasło w funkcji tematu formalnego [ ,7]
    • a
    • Hasło
    • Faksymile
    • 2
    • Źródło terminu
    • DBN
    • 9
    • KHW
    • 725597
655 -Hasło w funkcji tematu formalnego [ ,7]
    • a
    • Hasło
    • Poemat
    • 2
    • Źródło terminu
    • DBN
    • 9
    • KHW
    • 729608
658 -Ujęcie treści [ , ]
    • a
    • dziedzina nauki i sztuki/ sfera aktywności życiowej
    • Literaturoznawstwo
700 -Hasło dodatkowe - nazwa osobowa [1, ]
    • a
    • Nazwa osobowa (NP)
    • Karpluk, Maria Find
    • d
    • Daty biograficzne (NP)
    • (1925-2016).
    • e
    • Określenie rodzaju współpracy
    • Opracowanie
    • 9
    • KHW
    • 79677
700 -Hasło dodatkowe - nazwa osobowa [1, ]
    • a
    • Nazwa osobowa (NP)
    • Awianowicz, Bartosz Find
    • d
    • Daty biograficzne (NP)
    • (1978- ).
    • e
    • Określenie rodzaju współpracy
    • Opracowanie
    • 9
    • KHW
    • 711918
700 -Hasło dodatkowe - nazwa osobowa [1, ]
    • a
    • Nazwa osobowa (NP)
    • Mańkowski, Jerzy Find
    • c
    • Dopowiedzenie inne niż daty biograficzne (NP)
    • (filolog).
    • e
    • Określenie rodzaju współpracy
    • Opracowanie
    • 9
    • KHW
    • 487660
700 -Hasło dodatkowe - nazwa osobowa [1, ]
    • a
    • Nazwa osobowa (NP)
    • Janicki, Marek Andrzej Find
    • d
    • Daty biograficzne (NP)
    • (1971- ).
    • e
    • Określenie rodzaju współpracy
    • Opracowanie
    • 9
    • KHW
    • 690438
700 -Hasło dodatkowe - nazwa osobowa [1, ]
    • a
    • Nazwa osobowa (NP)
    • Mayenowa, Maria Renata Find
    • d
    • Daty biograficzne (NP)
    • (1908-1988).
    • e
    • Określenie rodzaju współpracy
    • Opracowanie
    • 9
    • KHW
    • 17968
700 -Hasło dodatkowe - nazwa osobowa [1, ]
    • a
    • Nazwa osobowa (NP)
    • Weintraub, Wiktor Find
    • d
    • Daty biograficzne (NP)
    • (1908-1988).
    • e
    • Określenie rodzaju współpracy
    • Opracowanie
    • 9
    • KHW
    • 21039
700 -Hasło dodatkowe - nazwa osobowa [1, ]
    • a
    • Nazwa osobowa (NP)
    • Ziomek, Jerzy Find
    • d
    • Daty biograficzne (NP)
    • (1924-1990).
    • e
    • Określenie rodzaju współpracy
    • Opracowanie
    • 9
    • KHW
    • 38318
700 -Hasło dodatkowe - nazwa osobowa [1, ]
    • a
    • Nazwa osobowa (NP)
    • Cybulska-Bohuszewicz, Ewa Find
    • d
    • Daty biograficzne (NP)
    • (1981- ).
    • e
    • Określenie rodzaju współpracy
    • Opracowanie
    • 9
    • KHW
    • 52942
700 -Hasło dodatkowe - nazwa osobowa [1, ]
    • a
    • Nazwa osobowa (NP)
    • Birczyńska-Duska, Joanna. Find
    • e
    • Określenie rodzaju współpracy
    • Opracowanie
    • 9
    • KHW
    • 631727
700 -Hasło dodatkowe - nazwa osobowa [1, ]
    • a
    • Nazwa osobowa (NP)
    • Frodyma, Mariusz. Find
    • e
    • Określenie rodzaju współpracy
    • Opracowanie
    • 9
    • KHW
    • 711919
700 -Hasło dodatkowe - nazwa osobowa [1,2]
    • a
    • Nazwa osobowa (NP)
    • Kochanowski, Jan Find
    • d
    • Daty biograficzne (NP)
    • (1530-1584).
    • t
    • Tytuł ujednolicony/tytuł (NP)
    • Zuzanna Find
    • l
    • Język tekstu (NP)
    • (pol.)
    • 9
    • KHW
    • 711924
700 -Hasło dodatkowe - nazwa osobowa [1,2]
    • a
    • Nazwa osobowa (NP)
    • Kochanowski, Jan Find
    • d
    • Daty biograficzne (NP)
    • (1530-1584).
    • t
    • Tytuł ujednolicony/tytuł (NP)
    • Szachy Find
    • l
    • Język tekstu (NP)
    • (pol.)
    • 9
    • KHW
    • 55141
700 -Hasło dodatkowe - nazwa osobowa [1,2]
    • a
    • Nazwa osobowa (NP)
    • Kochanowski, Jan Find
    • d
    • Daty biograficzne (NP)
    • (1530-1584).
    • t
    • Tytuł ujednolicony/tytuł (NP)
    • Muza Find
    • l
    • Język tekstu (NP)
    • (pol.)
    • 9
    • KHW
    • 711921
700 -Hasło dodatkowe - nazwa osobowa [1,2]
    • a
    • Nazwa osobowa (NP)
    • Kochanowski, Jan Find
    • d
    • Daty biograficzne (NP)
    • (1530-1584).
    • t
    • Tytuł ujednolicony/tytuł (NP)
    • Monomachia Parysowa z Menelausem Find
    • l
    • Język tekstu (NP)
    • (pol.)
    • 9
    • KHW
    • 711922
700 -Hasło dodatkowe - nazwa osobowa [1,2]
    • a
    • Nazwa osobowa (NP)
    • Kochanowski, Jan Find
    • d
    • Daty biograficzne (NP)
    • (1530-1584).
    • t
    • Tytuł ujednolicony/tytuł (NP)
    • Epithalamium Find
    • l
    • Język tekstu (NP)
    • (pol.)
    • 9
    • KHW
    • 711926
700 -Hasło dodatkowe - nazwa osobowa [1,2]
    • a
    • Nazwa osobowa (NP)
    • Kochanowski, Jan Find
    • d
    • Daty biograficzne (NP)
    • (1530-1584).
    • t
    • Tytuł ujednolicony/tytuł (NP)
    • Broda Find
    • l
    • Język tekstu (NP)
    • (pol.)
    • 9
    • KHW
    • 711925
700 -Hasło dodatkowe - nazwa osobowa [1,2]
    • a
    • Nazwa osobowa (NP)
    • Kochanowski, Jan Find
    • d
    • Daty biograficzne (NP)
    • (1530-1584).
    • t
    • Tytuł ujednolicony/tytuł (NP)
    • Marszałek Find
    • l
    • Język tekstu (NP)
    • (pol.)
    • 9
    • KHW
    • 711920
700 -Hasło dodatkowe - nazwa osobowa [1,2]
    • a
    • Nazwa osobowa (NP)
    • Kochanowski, Jan Find
    • d
    • Daty biograficzne (NP)
    • (1530-1584).
    • t
    • Tytuł ujednolicony/tytuł (NP)
    • Dziewosłąb Find
    • l
    • Język tekstu (NP)
    • (pol.)
    • 9
    • KHW
    • 711923
710 -Hasło dodatkowe - nazwa ciała zbiorowego [2, ]
    • a
    • Nazwa ciała zbiorowego lub nazwa geograficzna jako pierwszy element (NP)
    • Polska Akademia Nauk.
    • b
    • Nazwa jednostki podrzędnej (P)
    • Instytut Badań Literackich.
    • b
    • Nazwa jednostki podrzędnej (P)
    • Wydawnictwo.
    • e
    • Rodzaj współpracy
    • Wydawca
    • 4
    • Kod relacji
    • pbl
    • 9
    • KHW
    • 53680
800 -Hasło dodatkowe opisu książki wielotomowej - nazwa osobowa [1, ]
    • a
    • Nazwa osobowa (NP)
    • Kochanowski, Jan
    • d
    • Daty biograficzne (NP)
    • (1530-1584).
    • t
    • Tytuł ujednolicony/tytuł (NP)
    • Dzieła wszystkie: wydanie sejmowe
    • v
    • Oznaczenie tomu (NP)
    • t. 8
    • 9
    • KHW
    • 55111
920 -ISBN [ , ]
    • a
    • ISBN
    • 978-83-66448-90-2 Find
    • q
    • Dopowiedzenie
    • oprawa twarda
Status udost. Numer inwentarzowy Sygnatura Lokalizacja Data inwentaryzacji
1P.32364POL. Jan Kochanowski 12BM2024-11-20